| 000 | 00761nam a2200217 a 4500 | ||
|---|---|---|---|
| 001 | 000034899 | ||
| 003 | DO-SdBNP | ||
| 005 | 20240503073631.0 | ||
| 007 | ta | ||
| 008 | 111021s1969 sp 000 0 spa d | ||
| 040 |
_aDO-SdBNP _bspa _cBNPHU |
||
| 082 | 4 |
_a863.3 _bC419i 1969 _222 |
|
| 100 | 1 |
_aCervantes Saavedra, Miguel de, _d1547-1616 _93070 |
|
| 245 | 1 | 3 |
_aEl ingenioso hidalgo Don Quijote de la mancha / _cMiguel de Cervantes Saavedra ; edición, prólogo y notas Francisco Rodríguez Marín. |
| 250 | _a9a ed. | ||
| 260 |
_aMadrid, : _bEspasa-Calpe, _c1969. |
||
| 300 |
_av. ; _c20 cm. |
||
| 500 | _aIncluye referencias bibliográficas y notas al pie de las páginas | ||
| 700 | 1 |
_aRodríguez Marín, Francisco, _eed., pról. _915860 |
|
| 942 |
_2ddc _cLBS1 |
||
| 999 |
_c34390 _d34390 |
||